00794nam a2200229 a 450000100060000000300080000600500170001400800410003102000150007203500190008704000230010604100080012908200220013724501220015926000550028130000340033650400510037065000470042165000480046870000200051670000280053659991BD-RjUL20211209080807.0161228s2001 enkab b 001 0 eng  a184064558X a(BD-RjUL)60115 aDLCcDLCdDLCbeng aeng00a363.737bMAN 200100aManaging pollution :beconomic valuation and environmental toxicology /cedited by Clive L. Spash and Sandra McNally. aCheltenham ;aNorthampton, MA :bE. Elgar,cc2001. axii, 222 p. :bill. ;c24 cm. aIncludes bibliographical references and index. 0aPollutionxEconomic aspectsvCase studies. 0aPollutionxGovernment policyvCase studies.1 aSpash, Clive L.1 aMcNally, Sandra,d1972-